000 00445ntaaa2200181 4500
003 01
005 20251027202428.0
008 0714s1973 ag 01
040 _aAR-BaBN
_bspa
_cAR-BaBN
_eaacr
_dRIC
082 _a261.7000 Sw7
100 _aSwomley, Jr., John M.
_923160
245 _aReligion, the state, and the schools
250 _a1 ed.
260 _aNY :
_bPegasus,
_c1968
300 _a220 p.
650 _aEstado e Iglesia
942 _cBK
999 _c19230
_d19230